000 00568nam a2200193Ia 4500
005 20260114185841.0
008 008 260114s9999 xx 000 0 eng d
020 _a9781350218154
037 _aEBOOK
040 _aCRL
_beng
_cCRL
041 _aeng
_2eng
084 _qCRL
100 _aMary Stella Chika Okolo
_9875170
245 0 _aAfrican Literature as Political Philosophy
260 _bBloomsbury
_c2007
856 _uhttps://doi.org/10.5040/9781350218154?locatt=label:secondary_bloomsburyCollections
942 _cEBOOK
999 _c1474104
_d1474104